Traité de chimie minérale / (Registro nro. 116699)
[ vista simple ]
| 000 -LEADER | |
|---|---|
| campo de control de longitud fija | 00413nam a2200145 4500 |
| 001 - NÚMERO DE CONTROL | |
| campo de control | 116699 |
| 003 - IDENTIFICADOR DE NÚMERO DE CONTROL | |
| campo de control | ES-MaACL |
| 007 - CAMPO FIJO DE DESCRIPCIÓN FÍSICA--INFORMACIÓN GENERAL | |
| campo de control de longitud fija | t| |
| 008 - DATOS DE LONGITUD FIJA--INFORMACIÓN GENERAL | |
| campo de control de longitud fija | 061121m19311934fr r ||||1| fre d |
| 100 1# - ENTRADA PRINCIPAL--NOMBRE DE PERSONA | |
| Nombre de persona | Pascal, Paul. |
| 9 (RLIN) | 89314 |
| 245 10 - MENCIÓN DEL TÍTULO | |
| Título | Traité de chimie minérale / |
| Mención de responsabilidad, etc. | Paul Pascal. |
| 260 ## - PUBLICACIÓN, DISTRIBUCIÓN, ETC. | |
| Lugar de publicación, distribución, etc. | Paris : |
| Nombre del editor, distribuidor, etc. | Masson et Cie., |
| Fecha de publicación, distribución, etc. | 1931-1934. |
| 300 ## - DESCRIPCIÓN FÍSICA | |
| Extensión | 12 t. en 13 v. : |
| Otras características físicas | il ; |
| Dimensiones | 27 cm. |
| 852 ## - LOCALIZACIÓN | |
| Ubicación | ES-MaACL |
| Número de control de estantería | B-9785-97 |
| Sublocalización o colección | R.19273 |
| Estatus retirado | Estado de pérdida | Estado de daño | No para préstamo | Biblioteca de origen | Biblioteca actual | Ubicación en estantería | Fecha de adquisición | Fuente de adquisición | Total de préstamos | Signatura topográfica completa | Código de barras | Visto por última vez | Precio de reemplazo | Tipo de ítem Koha |
|---|---|---|---|---|---|---|---|---|---|---|---|---|---|---|
| Biblioteca del Ateneo de Madrid | Biblioteca del Ateneo de Madrid | Sala Pardo Bazán | 17/01/2008 | B-9785-97 | 1121684 | 23/02/2023 | 23/02/2023 | Libro impreso |
